[Event "Prague Mencik Memorial 6th"]
[Site "Prague"]
[Date "2023.09.24"]
[Round "9"]
[White "Bauma, Jiri"]
[Black "Burdalev, Kirill"]
[Result "0-1"]
[WhiteElo "2120"]
[BlackElo "2309"]
[PlyCount "58"]
[EventDate "2023.09.24"]
[EventType "swiss"]
[EventRounds "9"]
[EventCountry "CZE"]
[SourceTitle "EXT 2024"]
[Source "ChessBase"]
[SourceDate "2023.10.10"]
[SourceVersion "1"]
[SourceVersionDate "2023.10.10"]
[SourceQuality "1"]

1. e4 e5 2. Bc4 Nf6 3. d3 Nc6 4. Nc3 Na5 5. Bg5 h6 6. Bxf6 Qxf6 7. Nd5 Qd8 8. Ne3 Nxc4 9. dxc4 Bc5 10. Nf5 Qf6 11. Qd2 d6 12. Ne3 Qg6 13. Ne2 Qxe4 14. Nd5 Bb6 15. 0-0-0 Qxc4 16. f4 Qxa2 17. Nec3 Qa1+ 18. Nb1 0-0 19. f5 f6 20. g4 c6 21. Ne7+ Kf7 22. Ng6 Rd8 23. h4 d5 24. Rh3 Qa4 25. Qe2 Qe4 26. Qxe4 dxe4 27. Rxd8 Bxd8 28. Nc3 h5 29. Nxe4 Bc7 0-1

[Event "Jesenik op-A"]
[Site "Jesenik"]
[Date "2023.08.26"]
[Round "8"]
[White "Bauma, Jiri"]
[Black "Galda, Tomas"]
[Result "1-0"]
[WhiteElo "2158"]
[BlackElo "1872"]
[PlyCount "117"]
[EventDate "2023.08.19"]
[EventType "swiss"]
[EventRounds "9"]
[EventCountry "CZE"]
[SourceTitle "EXT 2024"]
[Source "ChessBase"]
[SourceDate "2023.10.10"]
[SourceVersion "1"]
[SourceVersionDate "2023.10.10"]
[SourceQuality "1"]

1. e4 e5 2. Bc4 Nf6 3. d3 Bc5 4. Bg5 Nc6 5. Nc3 h6 6. Bh4 Be7 7. Bg3 d6 8. Qd2 Be6 9. 0-0-0 Nh5 10. Kb1 Bg5 11. Qe2 Nd4 12. Qf1 Qd7 13. Nge2 Bxc4 14. dxc4 Nxg3 15. hxg3 Ne6 16. f4 Bf6 17. Nd5 0-0-0 18. f5 Nc5 19. Qf3 c6 20. Nxf6 gxf6 21. b4 Na6 22. Qa3 Kb8 23. Nc3 Qe7 24. Qb3 Ka8 25. a3 Qc7 26. Rd3 h5 27. Rhd1 Rd7 28. c5 Rhd8 29. cxd6 Rxd6 30. Rxd6 Rxd6 31. Rxd6 Qxd6 32. Qxf7 b6 33. Kb2 Kb8 34. Kb3 Nc7 35. Qxh5 a5 36. Qd1 Qf8 37. Qd3 axb4 38. axb4 Kb7 39. Na4 Qg8+ 40. Kb2 Qf8 41. c3 Qa8 42. Qd1 Qg8 43. Qd3 Qa8 44. Kb3 Qg8+ 45. c4 Nb5 46. Qd7+ Nc7 47. Qd6 Qxg3+ 48. Nc3 Qg7 49. b5 cxb5 50. cxb5 Qg8+ 51. Kb4 Qxg2 52. Qc6+ Kc8 53. Qxb6 Qb2+ 54. Kc4 Qd2 55. Qc5 Kb8 56. b6 Na6 57. Qf8+ Kb7 58. Qe7+ Kb8 59. Qa7+ 1-0

[Event "Jesenik op-A"]
[Site "Jesenik"]
[Date "2023.08.19"]
[Round "1"]
[White "Reichel, Lukasz"]
[Black "Bauma, Jiri"]
[Result "1-0"]
[WhiteElo "1914"]
[BlackElo "2158"]
[PlyCount "55"]
[EventDate "2023.08.19"]
[EventType "swiss"]
[EventRounds "9"]
[EventCountry "CZE"]
[SourceTitle "EXT 2024"]
[Source "ChessBase"]
[SourceDate "2023.10.10"]
[SourceVersion "1"]
[SourceVersionDate "2023.10.10"]
[SourceQuality "1"]

1. e4 c5 2. Nf3 Nc6 3. d4 cxd4 4. Nxd4 e5 5. Nb5 d6 6. N1c3 a6 7. Na3 g6 8. g3 h5 9. h4 Nd4 10. Bh3 Bxh3 11. Rxh3 Ne7 12. Bg5 Bh6 13. Bxe7 Qxe7 14. Nd5 Qd8 15. c3 Ne6 16. Qf3 b5 17. Kf1 Ra7 18. Kg2 0-0 19. g4 hxg4 20. Qxg4 f5 21. exf5 Rxf5 22. Kh1 Rg7 23. Rg1 Kh7 24. h5 Ng5 25. hxg6+ Rxg6 26. Qxf5 Qa8 27. Rxg5 Qxd5+ 28. Kh2 1-0

[Event "Prague Golden Rapid op"]
[Site "Prague"]
[Date "2023.06.17"]
[Round "5"]
[White "Bauma, Jiri"]
[Black "Burdalev, Kirill"]
[Result "0-1"]
[WhiteElo "2125"]
[BlackElo "2324"]
[PlyCount "146"]
[EventDate "2023.06.17"]
[EventType "swiss (rapid)"]
[EventRounds "9"]
[EventCountry "CZE"]
[SourceTitle "CBM 215 Extra"]
[Source "ChessBase"]
[SourceDate "2023.09.30"]
[SourceVersion "1"]
[SourceVersionDate "2023.09.30"]
[SourceQuality "1"]

1. e4 e5 2. Bc4 Nf6 3. d3 Nc6 4. Nc3 Na5 5. Nge2 Bc5 6. h3 h6 7. g4 c6 8. Ng3 d5 9. Bb3 Nxb3 10. axb3 dxe4 11. dxe4 Qxd1+ 12. Nxd1 Be6 13. Be3 Bb4+ 14. Ke2 a6 15. f3 0-0-0 16. Nf2 g6 17. Nd3 Bd6 18. h4 Nd7 19. h5 g5 20. Rhd1 Kc7 21. Nf5 Bxf5 22. gxf5 f6 23. b4 Rhe8 24. Ra5 Bf8 25. Rda1 Nb8 26. c4 Rd7 27. b5 cxb5 28. cxb5 axb5 29. Rxb5 Nc6 30. Bb6+ Kb8 31. Ke3 Nd4 32. Bxd4 Rxd4 33. Rba5 Red8 34. Ra8+ Kc7 35. Rxd8 Rxd8 36. Rc1+ Kb6 37. Rc3 Be7 38. Rb3+ Kc6 39. Nc1 Bc5+ 40. Ke2 b5 41. Rc3 Kb6 42. Nb3 Bb4 43. Rc2 Be7 44. Nc1 Bc5 45. Nd3 Be7 46. Ne1 Bc5 47. Nd3 Bd4 48. Nc1 Ra8 49. Kd3 Rd8 50. Ke2 Bc5 51. Na2 b4 52. Nc1 Kb5 53. b3 Bd4 54. Rc7 Bc3 55. Nd3 Ra8 56. Rf7 Ra2+ 57. Kf1 Rd2 58. Nf2 Rb2 59. Rxf6 Rxb3 60. Rxh6 Rb1+ 61. Kg2 Rb2 62. Kf1 b3 63. Rh8 Bd4 64. Nd3 Rd2 65. h6 Rxd3 66. h7 Rd1+ 67. Ke2 Rh1 68. Rb8+ Bb6 69. h8Q Rxh8 70. Rxh8 b2 71. Rh1 Kc4 72. f6 Kc3 73. f7 Bc5 0-1

[Event "CZE-chT2A 2223"]
[Site "Czech Republic"]
[Date "2023.03.26"]
[Round "11.2"]
[White "Bauma, Jiri"]
[Black "Chval, Zdenek1111"]
[Result "1-0"]
[WhiteElo "2173"]
[BlackElo "1930"]
[PlyCount "113"]
[EventDate "2022.10.16"]
[EventType "team-tourn"]
[EventRounds "11"]
[EventCountry "CZE"]
[SourceTitle "EXT 2024"]
[Source "ChessBase"]
[SourceDate "2023.10.10"]
[SourceVersion "1"]
[SourceVersionDate "2023.10.10"]
[SourceQuality "1"]
[WhiteTeam "Praha Dukla"]
[BlackTeam "Budejovice II"]
[WhiteTeamCountry "CZE"]
[BlackTeamCountry "CZE"]

1. e4 c5 2. Nf3 d6 3. d4 cxd4 4. Nxd4 Nf6 5. Nc3 a6 6. g3 e6 7. Bg2 Be7 8. 0-0 0-0 9. a4 Nc6 10. h3 Qc7 11. Nde2 Rd8 12. Be3 b6 13. Nf4 Bb7 14. Qe2 Nb4 15. Rad1 d5 16. exd5 e5 17. Nd3 Nbxd5 18. Bd2 Bd6 19. Rfe1 Re8 20. Ne4 Nxe4 21. Bxe4 Nf6 22. Bxb7 Qxb7 23. Bc3 Nd7 24. Qg4 g6 25. Nc5 Nxc5 26. Rxd6 f5 27. Qc4+ Qf7 28. Qxf7+ Kxf7 29. Bxe5 Ne4 30. Rd7+ Ke6 31. Rxh7 Kxe5 32. f3 Rad8 33. fxe4 fxe4 34. Rh4 Kd5 35. Rg4 e3 36. Rxg6 Ke4 37. Rf6 Rd2 38. Rf4+ Kd5 39. Kf1 Rxc2 40. Re2 Rc1+ 41. Kg2 Rc4 42. Rf5+ Ke4 43. Rf6 Kd3 44. Kf3 Rxa4 45. h4 Rae4 46. g4 R4e6 47. Rf5 Re5 48. Rxe5 Rxe5 49. h5 Re8 50. Re1 e2 51. g5 Kd2 52. Rxe2+ Rxe2 53. g6 Rh2 54. g7 Rxh5 55. g8Q Rb5 56. Qa2 Ra5 57. Qb3 1-0

[Event "CZE-chT2A 2223"]
[Site "Czech Republic"]
[Date "2022.11.06"]
[Round "2.2"]
[White "Bauma, Jiri"]
[Black "Mejzlik, Ondrej"]
[Result "0-1"]
[WhiteElo "2173"]
[BlackElo "2336"]
[PlyCount "116"]
[EventDate "2022.10.16"]
[EventType "team-tourn"]
[EventRounds "11"]
[EventCountry "CZE"]
[SourceTitle "EXT 2024"]
[Source "ChessBase"]
[SourceDate "2023.10.10"]
[SourceVersion "1"]
[SourceVersionDate "2023.10.10"]
[SourceQuality "1"]
[WhiteTeam "Praha Dukla"]
[BlackTeam "Vlasim"]
[WhiteTeamCountry "CZE"]
[BlackTeamCountry "CZE"]

1. e4 c6 2. d4 d5 3. exd5 cxd5 4. Bd3 Nc6 5. c3 Nf6 6. Ne2 g6 7. 0-0 Bg7 8. b4 0-0 9. b5 Na5 10. Nd2 Bf5 11. Bxf5 gxf5 12. Ba3 Re8 13. Bb4 Ne4 14. Ng3 e6 15. Nh5 Nc4 16. Nxe4 dxe4 17. Qe2 Nb6 18. f3 e3 19. Qxe3 Nd5 20. Qf2 f4 21. Nxg7 Kxg7 22. Rfe1 Kh8 23. Re5 Rg8 24. Rae1 Rg7 25. R1e4 Qc7 26. g4 fxg3 27. hxg3 Rag8 28. Rg4 Rxg4 29. fxg4 Nxb4 30. Rc5 Qe7 31. cxb4 Rxg4 32. Qe3 Qd6 33. Qe5+ Qxe5 34. dxe5 Rxg3+ 35. Kf2 Ra3 36. Rc7 Kg7 37. Rxb7 Rxa2+ 38. Ke3 Rb2 39. b6 axb6 40. Rxb6 h5 41. Kd4 h4 42. Kc5 Re2 43. Kd6 Rd2+ 44. Kc6 Ra2 45. Rb7 h3 46. Rd7 Rc2+ 47. Kb6 h2 48. Rd1 Kg6 49. b5 Kf5 50. Ka7 Rg2 51. Rh1 Kf4 52. b6 Ra2+ 53. Kb8 Kg3 54. Kc7 Re2 55. Kd6 Rb2 56. Kc7 Kg2 57. Rc1 h1Q 58. Rxh1 Kxh1 0-1

[Event "Prague Menchik Memorial Rapid"]
[Site "Prague"]
[Date "2022.06.05"]
[Round "2"]
[White "Bauma, Jiri"]
[Black "Plat, Vojtech"]
[Result "0-1"]
[WhiteElo "2135"]
[BlackElo "2555"]
[PlyCount "52"]
[EventDate "2022.06.05"]
[EventType "swiss (rapid)"]
[EventRounds "7"]
[EventCountry "CZE"]
[SourceTitle "CBM 208 Extra"]
[Source "ChessBase"]
[SourceDate "2022.07.31"]
[SourceVersion "1"]
[SourceVersionDate "2022.07.31"]
[SourceQuality "1"]

1. e4 d6 2. d4 Nf6 3. f3 e5 4. d5 Be7 5. Be3 c6 6. c4 0-0 7. Nc3 Nbd7 8. Bd3 a5 9. Nge2 Nc5 10. Bc2 cxd5 11. cxd5 b6 12. Qd2 Ba6 13. g4 Nfd7 14. 0-0-0 b5 15. Kb1 Rb8 16. h4 b4 17. Na4 b3 18. axb3 Nxb3 19. Bxb3 Rxb3 20. Nec3 Qb8 21. h5 Rc8 22. g5 Bb5 23. g6 Bxa4 24. Nxa4 Qb5 25. Rc1 Rb8 26. gxf7+ Kxf7 0-1

[Event "Prague Menchik Memorial Rapid"]
[Site "Prague"]
[Date "2021.09.28"]
[Round "9"]
[White "Bauma, Jiri"]
[Black "Barabas, Ales"]
[Result "1-0"]
[WhiteElo "2125"]
[BlackElo "1745"]
[PlyCount "49"]
[EventDate "2021.09.28"]
[EventType "swiss (rapid)"]
[EventRounds "9"]
[EventCountry "CZE"]
[SourceTitle "CBM 204 Extra"]
[Source "ChessBase"]
[SourceDate "2021.11.30"]
[SourceVersion "1"]
[SourceVersionDate "2021.11.30"]
[SourceQuality "1"]

1. e4 c5 2. Nf3 d6 3. d4 cxd4 4. Nxd4 Nf6 5. Nc3 a6 6. h3 e6 7. g4 Be7 8. Bg2 Qc7 9. a4 Nc6 10. Be3 Rb8 11. Qd2 h6 12. 0-0 Ne5 13. b3 Bd7 14. f4 Nc6 15. f5 Nxd4 16. Bxd4 Rc8 17. Rae1 e5 18. Nd5 Nxd5 19. exd5 Qxc2 20. Qe3 Qc7 21. Qf2 Qc2 22. Qg3 0-0 23. Be4 exd4 24. Bxc2 Rxc2 25. Rxe7 1-0

[Event "Prague Menchik Memorial Rapid"]
[Site "Prague"]
[Date "2021.09.28"]
[Round "8"]
[White "Delgerdalai, Bayarjavkhlan"]
[Black "Bauma, Jiri"]
[Result "1-0"]
[WhiteElo "2086"]
[BlackElo "2125"]
[PlyCount "35"]
[EventDate "2021.09.28"]
[EventType "swiss (rapid)"]
[EventRounds "9"]
[EventCountry "CZE"]
[SourceTitle "CBM 204 Extra"]
[Source "ChessBase"]
[SourceDate "2021.11.30"]
[SourceVersion "1"]
[SourceVersionDate "2021.11.30"]
[SourceQuality "1"]

1. e4 e5 2. Nf3 Nc6 3. Bc4 Bc5 4. 0-0 Nf6 5. d3 d6 6. h3 h6 7. c3 0-0 8. b4 Bb6 9. a4 a5 10. b5 Ne7 11. Ba3 Ng6 12. Nbd2 Nf4 13. d4 exd4 14. Nxd4 N6h5 15. Qf3 Qg5 16. Kh1 Nxh3 17. gxh3 Qxd2 18. Bc1 1-0

[Event "CZE-chT2B 1920"]
[Site "Czech Republic"]
[Date "2020.06.18"]
[Round "10.4"]
[White "Balin, Daniel"]
[Black "Bauma, Jiri"]
[Result "0-1"]
[WhiteElo "1899"]
[BlackElo "2183"]
[PlyCount "60"]
[EventDate "2019.10.13"]
[EventType "team-tourn"]
[EventRounds "11"]
[EventCountry "CZE"]
[SourceTitle "EXT 2024"]
[Source "ChessBase"]
[SourceDate "2023.10.10"]
[SourceVersion "1"]
[SourceVersionDate "2023.10.10"]
[SourceQuality "1"]
[WhiteTeam "Usti nad Labem"]
[BlackTeam "Praha Dukla"]
[WhiteTeamCountry "CZE"]
[BlackTeamCountry "CZE"]

1. d4 Nf6 2. c4 d6 3. Nc3 e5 4. dxe5 dxe5 5. Qxd8+ Kxd8 6. Bg5 Be6 7. 0-0-0+ Kc8 8. Nf3 Nc6 9. e3 Nd7 10. e4 b6 11. Be3 f6 12. Nd5 Kb7 13. Nd2 a5 14. f3 Bc5 15. Nb1 Nd4 16. Bxd4 Bxd4 17. h4 c6 18. Ndc3 a4 19. g3 Nc5 20. Na3 Rhd8 21. Bh3 Bf7 22. Ne2 Be3+ 23. Kb1 Nd3 24. Nc2 Bc5 25. b3 Nf2 26. Rxd8 Rxd8 27. Rh2 Rd1+ 28. Kb2 a3+ 29. Nxa3 Rd2+ 30. Nc2 Rxe2 0-1

[Event "CZE-chT2B 1920"]
[Site "Czech Republic"]
[Date "2019.12.01"]
[Round "4.3"]
[White "Bauma, Jiri"]
[Black "Babicka, Michal"]
[Result "0-1"]
[WhiteElo "2183"]
[BlackElo "1993"]
[PlyCount "64"]
[EventDate "2019.10.13"]
[EventType "team-tourn"]
[EventRounds "11"]
[EventCountry "CZE"]
[SourceTitle "EXT 2024"]
[Source "ChessBase"]
[SourceDate "2023.10.10"]
[SourceVersion "1"]
[SourceVersionDate "2023.10.10"]
[SourceQuality "1"]
[WhiteTeam "Praha Dukla"]
[BlackTeam "Decin"]
[WhiteTeamCountry "CZE"]
[BlackTeamCountry "CZE"]

1. e4 c5 2. Nf3 d6 3. d4 cxd4 4. Nxd4 Nf6 5. Nc3 Nc6 6. g3 g6 7. Bg2 Nxd4 8. Qxd4 Bg7 9. 0-0 0-0 10. Qd3 Nd7 11. Nd5 Nc5 12. Qe2 Bd7 13. Bg5 Re8 14. Rad1 Bxb2 15. c3 Ba3 16. e5 Ne6 17. Bxe7 Rxe7 18. Nxe7+ Qxe7 19. exd6 Qf6 20. Bxb7 Rb8 21. Qa6 Bc5 22. c4 Ng5 23. Bg2 Nh3+ 24. Bxh3 Bxh3 25. Qc6 Rc8 26. Qb7 Bxd6 27. Rd2 Rxc4 28. Rfd1 Bc5 29. Qd5 Rc3 30. Qe4 Kg7 31. Kh1 Bxf2 32. Rd6 Qxd6 0-1

[Event "CZE-chT1W 1819"]
[Site "Czech Republic"]
[Date "2018.11.25"]
[Round "3.3"]
[White "Munk, Petr"]
[Black "Bauma, Jiri"]
[Result "0-1"]
[WhiteElo "2137"]
[BlackElo "2213"]
[PlyCount "82"]
[EventDate "2018.10.21"]
[EventType "team-tourn"]
[EventRounds "11"]
[EventCountry "CZE"]
[SourceTitle "CBM 187 Extra"]
[Source "ChessBase"]
[SourceDate "2018.11.04"]
[SourceVersion "1"]
[SourceVersionDate "2018.11.04"]
[SourceQuality "1"]
[WhiteTeam "Lysa nad Labem III"]
[BlackTeam "Praha Dukla"]
[WhiteTeamCountry "CZE"]
[BlackTeamCountry "CZE"]

1. e4 e5 2. Nf3 Nc6 3. Bc4 Bc5 4. 0-0 d6 5. c3 Bg4 6. h3 Bh5 7. g4 Bg6 8. d4 Bb6 9. Re1 h5 10. g5 Qd7 11. Kg2 0-0-0 12. d5 Nce7 13. a4 f5 14. a5 Bxf2 15. Kxf2 fxe4 16. Ng1 Bf5 17. Qa4 c6 18. a6 b6 19. dxc6 Nxc6 20. Bd5 Nge7 21. Bxe4 Rhf8 22. Kg2 d5 23. Nd2 dxe4 24. Nxe4 Bxh3+ 25. Nxh3 Qg4+ 26. Kh2 Rd3 27. Re3 Rxe3 28. Bxe3 Rf3 29. Nd6+ Kd7 30. Qxg4+ hxg4 31. Nc4 Rxh3+ 32. Kg2 b5 33. Bxa7 Nxa7 34. Rd1+ Kc7 35. Nxe5 Nf5 36. Rd7+ Kb6 37. Rf7 Nh4+ 38. Kf2 g3+ 39. Kg1 g2 40. Kf2 Rh1 41. Nf3 Rf1+ 0-1

[Event "CZE-chT1W 1819"]
[Site "Czech Republic"]
[Date "2018.10.21"]
[Round "1.3"]
[White "Docekal, Jan"]
[Black "Bauma, Jiri"]
[Result "1-0"]
[WhiteElo "2254"]
[BlackElo "2213"]
[PlyCount "69"]
[EventDate "2018.10.21"]
[EventType "team-tourn"]
[EventRounds "11"]
[EventCountry "CZE"]
[SourceTitle "CBM 187 Extra"]
[Source "ChessBase"]
[SourceDate "2018.11.04"]
[SourceVersion "1"]
[SourceVersionDate "2018.11.04"]
[SourceQuality "1"]
[WhiteTeam "Vysehrad"]
[BlackTeam "Praha Dukla"]
[WhiteTeamCountry "CZE"]
[BlackTeamCountry "CZE"]

1. e4 e5 2. Nf3 Nc6 3. Bc4 Bc5 4. 0-0 d6 5. c3 Bg4 6. d3 Bh5 7. a4 a6 8. Be3 Nge7 9. Nbd2 Ng6 10. Bxf7+ Kd7 11. b4 Bxe3 12. fxe3 Qe7 13. Bd5 Nh4 14. Qe1 Nxf3+ 15. Nxf3 Raf8 16. Qg3 Bxf3 17. Rxf3 Rxf3 18. Qxf3 Nd8 19. Qg4+ Ke8 20. Rf1 c6 21. Bb3 g6 22. Rf3 Rf8 23. Kf2 Rxf3+ 24. gxf3 Qf6 25. Ke2 h5 26. Qh3 Ke7 27. a5 Qg5 28. Qg3 Qf6 29. Qh3 Qg5 30. Kf2 h4 31. Qc8 Ke8 32. Bc4 Ke7 33. Qc7+ Ke8 34. Qg7 Qh5 35. Bg8 1-0

[Event "Prague Menchik Memorial rapid"]
[Site "Prague"]
[Date "2018.06.10"]
[Round "1"]
[White "Pipek, Petr"]
[Black "Bauma, Jiri"]
[Result "0-1"]
[WhiteElo "1563"]
[BlackElo "2213"]
[PlyCount "74"]
[EventDate "2018.06.10"]
[EventType "swiss (rapid)"]
[EventRounds "9"]
[EventCountry "CZE"]
[SourceTitle "CBM 184 Extra"]
[Source "ChessBase"]
[SourceDate "2018.06.28"]
[SourceVersion "1"]
[SourceVersionDate "2018.06.28"]
[SourceQuality "1"]

1. d4 Nf6 2. c4 d6 3. Nc3 Bf5 4. Nf3 Na6 5. e3 c5 6. Bd3 Bxd3 7. Qxd3 Nb4 8. Qd1 e6 9. 0-0 Be7 10. Qb3 Qc8 11. Qa4+ Nd7 12. a3 Nc6 13. d5 Nd8 14. Bd2 0-0 15. Rfd1 e5 16. Rdc1 f5 17. Ne2 Nf7 18. b4 g5 19. h3 e4 20. Nh2 Nfe5 21. Ng3 Nd3 22. Rc2 Bf6 23. Bc3 Bxc3 24. Rxc3 N7e5 25. b5 Qe8 26. Qd1 Qg6 27. f3 exf3 28. Nxf3 f4 29. Nxe5 Nxe5 30. exf4 gxf4 31. Nh1 f3 32. Ra2 Rf4 33. Rf2 Raf8 34. Kh2 Qf6 35. gxf3 Nxf3+ 36. Kg2 Nh4+ 37. Kg3 Qxc3+ 0-1

[Event "Prague Menchik Memorial rapid"]
[Site "Prague"]
[Date "2018.06.10"]
[Round "5"]
[White "Vrecion, Jiri"]
[Black "Bauma, Jiri"]
[Result "1-0"]
[WhiteElo "2050"]
[BlackElo "2213"]
[PlyCount "71"]
[EventDate "2018.06.10"]
[EventType "swiss (rapid)"]
[EventRounds "9"]
[EventCountry "CZE"]
[SourceTitle "CBM 184 Extra"]
[Source "ChessBase"]
[SourceDate "2018.06.28"]
[SourceVersion "1"]
[SourceVersionDate "2018.06.28"]
[SourceQuality "1"]

1. c4 Nf6 2. g3 d6 3. Bg2 Nc6 4. Nc3 h5 5. e4 h4 6. d4 e5 7. Nge2 h3 8. Bf3 Be7 9. d5 Nb8 10. Bd2 c6 11. 0-0 cxd5 12. cxd5 Nbd7 13. Qa4 0-0 14. Be3 Nb6 15. Qb4 Ng4 16. Bxb6 axb6 17. Na4 Ra6 18. Nec3 f5 19. Be2 f4 20. Bxa6 bxa6 21. Qxb6 Qe8 22. Qc7 Qf7 23. Nb6 Bg5 24. Qxf7+ Kxf7 25. f3 Ne3 26. Rf2 fxg3 27. hxg3 Ke7 28. f4 exf4 29. gxf4 Bxf4 30. Nxc8+ Kd8 31. Ne2 g5 32. Nxf4 gxf4 33. Nxd6 Rg8+ 34. Kh1 Kd7 35. Nf5 Nxf5 36. exf5 1-0

[Event "CZE-chT2C 1718"]
[Site "Czech Republic"]
[Date "2018.03.18"]
[Round "10.2"]
[White "Bauma, Jiri"]
[Black "Vojta, Tomas"]
[Result "1-0"]
[WhiteElo "2296"]
[BlackElo "2351"]
[PlyCount "67"]
[EventDate "2017.10.15"]
[EventType "team-tourn"]
[EventRounds "11"]
[EventCountry "CZE"]
[SourceTitle "EXT 2022"]
[Source "ChessBase"]
[SourceDate "2021.10.06"]
[SourceVersion "1"]
[SourceVersionDate "2021.10.06"]
[SourceQuality "1"]
[WhiteTeam "Praha Dukla"]
[BlackTeam "Vlasim"]
[WhiteTeamCountry "CZE"]
[BlackTeamCountry "CZE"]

1. e4 d5 2. exd5 Nf6 3. Bb5+ Nbd7 4. Nc3 a6 5. Be2 Nb6 6. Bf3 Nbxd5 7. Nge2 g6 8. Nxd5 Nxd5 9. c4 Nb6 10. b3 Bg7 11. d4 0-0 12. Ba3 c6 13. 0-0 Qc7 14. Rc1 Bh6 15. Rc3 Re8 16. d5 c5 17. Ng3 Nd7 18. Ne4 Qa5 19. Bb2 f5 20. Nd2 Qxa2 21. Qc2 Qa5 22. Re1 Nf8 23. d6 e6 24. Rd3 Bg7 25. Bxg7 Kxg7 26. Qb2+ Kg8 27. g4 Bd7 28. gxf5 gxf5 29. Bh5 Ng6 30. Bxg6 hxg6 31. Rh3 e5 32. Rxe5 f4 33. Rh8+ Kf7 34. Rh7+ 1-0

[Event "CZE-chT2C 1718"]
[Site "Czech Republic"]
[Date "2018.01.28"]
[Round "7.2"]
[White "Umanec, Filip"]
[Black "Bauma, Jiri"]
[Result "1-0"]
[WhiteElo "2247"]
[BlackElo "2296"]
[PlyCount "59"]
[EventDate "2017.10.15"]
[EventType "team-tourn"]
[EventRounds "11"]
[EventCountry "CZE"]
[SourceTitle "EXT 2022"]
[Source "ChessBase"]
[SourceDate "2021.10.06"]
[SourceVersion "1"]
[SourceVersionDate "2021.10.06"]
[SourceQuality "1"]
[WhiteTeam "Jihlava Gambit"]
[BlackTeam "Praha Dukla"]
[WhiteTeamCountry "CZE"]
[BlackTeamCountry "CZE"]

1. e4 c5 2. c3 b6 3. d4 Bb7 4. Bd3 Nf6 5. Qe2 g6 6. Nf3 Bg7 7. a3 d5 8. e5 Ne4 9. Nbd2 Nxd2 10. Bxd2 Nc6 11. b4 c4 12. Bc2 Qc7 13. a4 Nd8 14. h4 h6 15. Nh2 Bc8 16. h5 g5 17. f4 gxf4 18. Bxf4 Ne6 19. 0-0 Nxf4 20. Rxf4 Be6 21. Bf5 Qd7 22. Qg4 Bxf5 23. Rxf5 Bf8 24. Raf1 Qxa4 25. Rxf7 Qc6 26. Qf5 a5 27. b5 Qc8 28. e6 Kd8 29. Rxf8+ Rxf8 30. Qxf8+ 1-0

[Event "CZE-chT2C 1718"]
[Site "Czech Republic"]
[Date "2017.11.05"]
[Round "2.2"]
[White "Neckar, Lubomir"]
[Black "Bauma, Jiri"]
[Result "1/2-1/2"]
[WhiteElo "2309"]
[BlackElo "2296"]
[PlyCount "31"]
[EventDate "2017.10.15"]
[EventType "team-tourn"]
[EventRounds "11"]
[EventCountry "CZE"]
[SourceTitle "EXT 2022"]
[Source "ChessBase"]
[SourceDate "2021.10.06"]
[SourceVersion "1"]
[SourceVersionDate "2021.10.06"]
[SourceQuality "1"]
[WhiteTeam "Praha Eurovia"]
[BlackTeam "Praha Dukla"]
[WhiteTeamCountry "CZE"]
[BlackTeamCountry "CZE"]

1. Nf3 d6 2. d4 Bf5 3. c4 Nf6 4. Qb3 Qc8 5. Nc3 Na6 6. Nh4 Bd7 7. e4 e5 8. Nf3 exd4 9. Nxd4 g6 10. f3 Bg7 11. Be3 0-0 12. Be2 Nc5 13. Qc2 Ne6 14. Qd2 Nh5 15. g3 Bc6 16. 0-0 1/2-1/2

[Event "CZE-chT2A 1617"]
[Site "Czech Republic"]
[Date "2017.02.26"]
[Round "9.2"]
[White "Bauma, Jiri"]
[Black "Plischki, Sebastian"]
[Result "0-1"]
[WhiteElo "2297"]
[BlackElo "2372"]
[PlyCount "72"]
[EventDate "2016.10.09"]
[EventType "team-tourn"]
[EventRounds "11"]
[EventCountry "CZE"]
[SourceTitle "EXT 2022"]
[Source "ChessBase"]
[SourceDate "2021.10.06"]
[SourceVersion "1"]
[SourceVersionDate "2021.10.06"]
[SourceQuality "1"]
[WhiteTeam "Praha Dukla"]
[BlackTeam "Praha Dopravni podnik"]
[WhiteTeamCountry "CZE"]
[BlackTeamCountry "CZE"]

1. e4 c5 2. Nf3 d6 3. d4 cxd4 4. Nxd4 Nf6 5. Nc3 a6 6. g3 e5 7. Nde2 Be7 8. Bg2 0-0 9. h3 b5 10. g4 b4 11. Nd5 Nxd5 12. Qxd5 Ra7 13. Be3 Be6 14. Qd2 Rb7 15. 0-0 Qc7 16. Rac1 Nd7 17. b3 a5 18. c4 Nc5 19. f4 a4 20. f5 Bd7 21. g5 Ra8 22. f6 Bf8 23. fxg7 Bxg7 24. Bxc5 Qxc5+ 25. Kh1 axb3 26. axb3 Ra3 27. Qd3 Rba7 28. Ng3 Ba4 29. Rb1 Rxb3 30. Rxb3 Bxb3 31. Qxb3 Ra3 32. Qd1 Rxg3 33. Qa4 Qxc4 34. Qe8+ Bf8 35. Kh2 Rxg5 36. h4 Rg7 0-1